000 00636cam a22002293a 4500
001 13849
003 PGUSA
005 20140828083309.0
008 041025s2004||||xxu|||||s|||||000 | eng d
040 _aPGUSA
_beng
042 _adc
050 4 _aPH
100 1 _aAho, Juhani,
_d1861-1921
245 1 0 _aPanu :
_bNäytelmä
_h[electronic resource] /
_cJuhani Aho
260 _bProject Gutenberg,
_c2004
506 _aPublic domain in the USA.
516 _aElectronic text
653 _aFinland -- History -- To 1523 -- Drama
830 0 _aProject Gutenberg
_v13849
856 4 0 _uhttp://www.gutenberg.org/ebooks/13849
942 _cEB
999 _c243104
_d243104